| 000 | 01094nam a2200265 a 4500 | ||
|---|---|---|---|
| 999 |
_c12361 _d12361 |
||
| 001 | 12361 | ||
| 003 | BD-JhCC | ||
| 005 | 20220203100719.0 | ||
| 008 | 210607s2021 bg |||| |||| 000 0 ben d | ||
| 020 | _a9789849541264 | ||
| 035 | _a(BD-JhCC)12361 | ||
| 040 |
_aBD-JhCC _dBD-JhCC |
||
| 041 | _aBangal | ||
| 082 |
_a954.56 _bHUS 2021 |
||
| 100 | _aহুসাইন, আগা মাহদি | ||
| 245 |
_aমুহাম্মাদ বিন তঘলক উত্থান ও পতন / _cআগা মাহদি হুসাইন, অনুবাদক আল মারুফ রাসেল |
||
| 260 |
_aঢাকা : _bদিব্য প্রকাশ, _c২০২১। |
||
| 300 |
_a৩২০ পৃ. : _c২০ সেমি. |
||
| 504 | _aগ্রন্থপঞ্জি অর্ন্তভূক্ত। | ||
| 600 |
_aMuḥammad bin Tug̲h̲laq, Sultan of Delhi, _dapproximately 1290-1351 |
||
| 650 |
_aKings and rulers _zIndia--Delhi (Sultanate) |
||
| 650 | _aPolitics and government | ||
| 700 | _aরাসেল, আল মারুফ | ||
| 942 |
_2ddc _cBK |
||